Biggest Cities in Austria or Switzerland - Statistics

General Stats
  • This quiz has been taken 234 times
    201 since last reset
  • The average score is 9 of 11
Answer Stats
Austria or Switzerland Population City % Correct
A 1.8 m Vienna
98%
S 133,000 Bern
95%
S 200,000 Geneva
95%
S 409,000 Zurich
95%
A 148,000 Salzburg
89%
S 177,000 Basel
80%
A 273,000 Graz
77%
A 126,000 Innsbruck
76%
S 139,000 Lausanne
68%
A 198,000 Linz
63%
S 111,000 Winterthur
37%
No matching quizzes found
Score Distribution
Percent of People with Each Score
Percentile by Number Answered
Your Score History
You have not taken this quiz since the last reset